000 00557nam a22001577a 4500
008 240814b |||||||| |||| 00| 0 eng d
020 _aTK 7874.M8 .D86 2020
100 _aDundar, Gunhan
245 _aModelling Methodologies in Analogue Integrated Circuit Design /
260 _aUK:
_bThe institute of Engineering and Technology,
_c2020.
300 _axiii,308p. ;
_bill. :
_c18cm
504 _aincludes bibliographical references and index.
650 _aEletrical
700 _aMustafa
942 _2lcc
_cBOOKS
_hTK 7874 .M8.D86 2020
999 _c32172
_d32172